Geography Quiz

Random Geography or World Quiz

'B' Capitals Quiz Stats

 Plays Quiz Updated Apr 18, 2019

Score 0/25 Timer 06:00
12 Plays Today
Capital % Correct
Berlin
84.3%
Brussels
78.2%
Brasília
78.2%
Beijing
76.1%
Bern
73.8%
Budapest
70.2%
Bogotá
68.8%
Bucharest
67.9%
Buenos Aires
65.5%
Bratislava
65.1%
Bangkok
64.8%
Baghdad
64%
Belmopan
60.8%
Capital % Correct
Belgrade
60.1%
Beirut
58%
Baku
57%
Bridgetown
53.4%
Bishkek
53%
Bamako
52.5%
Brazzaville
47.6%
Bangui
45.3%
Banjul
45.3%
Bandar Seri Begawan
44.7%
Basseterre
40.6%
Bissau
37.2%

You're not logged in!

Compare scores with friends on all Sporcle quizzes.
OR
Log In

Sporcle TV

Today on Sporcle TV


Watch our educational content, quiz creation guides, and fun videos on Sporcle TV.

Show Comments

Extras

Top Quizzes Today


Score Distribution

Your Account Isn't Verified!

In order to create a playlist on Sporcle, you need to verify the email address you used during registration. Go to your Sporcle Settings to finish the process.

Report this User

Report this user for behavior that violates our Community Guidelines.

Details: